00494nam a22001697a 450000500170000001000150001702000260003203500140005803700130007208200080008510000220009324500520011526000390016727000430020630000240024950000510027320170817140726.0 aENG-119842 a9788188643653c500.00 aEN-103374 bDBAD/PUB a270 aBenkin, Richard L aWhat is moderate Islam? /cby Richard L. Benkin aNew DelhibAkshaya Prakashanc2017 a2/18, Ansari Road, bNew Delhie110002 av,246p. c23cm(pbk) a Includes bibliographical references and index